00241nam a2200109Ia 4500100001800000654001200018245003700030260002800067082001600095300000800111546001200119 aShur Michael  aPhysics aPhysics of Semiconductor devices bP.H.I.aNew Delhic1995 a530.41bPAN a646 aENGLISH